War and peace (Record no. 4887)
[ view plain ]
| 000 -LEADER | |
|---|---|
| fixed length control field | 00373 a2200133 4500 |
| 020 ## - INTERNATIONAL STANDARD BOOK NUMBER | |
| International Standard Book Number | 1-85326-062-2 |
| 040 ## - CATALOGING SOURCE | |
| Original cataloging agency | DLC |
| Language of cataloging | DLC |
| 100 1# - MAIN ENTRY--PERSONAL NAME | |
| Personal name | Tolstoj, Lev Nikolaevic, |
| 245 00 - TITLE STATEMENT | |
| Title | War and peace |
| Statement of responsibility, etc. | Leo Tolstoy ; translated by Louise and Aylmer Maude |
| 260 ## - PUBLICATION, DISTRIBUTION, ETC. | |
| Place of publication, distribution, etc. | Ware : |
| Name of publisher, distributor, etc. | Wordsworth ed., |
| Date of publication, distribution, etc. | 1993 |
| 300 ## - PHYSICAL DESCRIPTION | |
| Extent | 981 s. |
| 490 0# - SERIES STATEMENT | |
| Series statement | Wordsworth classics |
| 942 ## - ADDED ENTRY ELEMENTS (KOHA) | |
| Koha item type | Book |
| Call number prefix | 822.914 TOL |
| Source of classification or shelving scheme | |
| Withdrawn status | Lost status | Damaged status | Not for loan | Collection code | Permanent Location | Current Location | Shelving location | Date acquired | Source of acquisition | Cost, normal purchase price | Total Checkouts | Total Renewals | Full call number | Barcode | Date last seen | Date last checked out | Price effective from | Koha item type |
|---|---|---|---|---|---|---|---|---|---|---|---|---|---|---|---|---|---|---|
| Central Library (CL) | Central Library (CL) | General Stacks | 12/29/2005 | New Public Book | 270.00 | 11 | 9 | 822.914 TOL | SEECS006788 | 03/04/2025 | 10/12/2024 | 01/05/2017 | Book |
